UBT Library

Neural networks in finance and investment : (Record no. 1344)

000 -LEADER
fixed length control field 00662nam a22002057a 4500
008 - FIXED-LENGTH DATA ELEMENTS--GENERAL INFORMATION
fixed length control field 151027b xxu||||| |||| 00| 0 eng d
020 ## - INTERNATIONAL STANDARD BOOK NUMBER
International Standard Book Number 1557384525
041 0# - LANGUAGE CODE
Language code of text/sound track or separate title eng
080 ## - UNIVERSAL DECIMAL CLASSIFICATION NUMBER
Universal Decimal Classification number 004:336
245 00 - TITLE STATEMENT
Title Neural networks in finance and investment :
Statement of responsibility, etc [edited by] Robert R. Trippi, Efraim Turban.
260 ## -
-- Chicago, Ill. :
-- Probus,
-- 1992.
300 ## -
-- xxviii, 513 f. :
-- me il.;
-- 24 cm.
650 #0 -
-- Financa
650 #0 -
-- Neural networks
650 #0 -
-- Inteligjenca artificiale
650 #0 -
-- Investimet
700 1# -
-- Trippi, Robert R.
700 1# -
-- Turban, Efraim.
942 ## - ADDED ENTRY ELEMENTS (KOHA)
Source of classification or shelving scheme
Item type Books
Holdings
Withdrawn status Lost status Source of classification or shelving scheme Damaged status Not for loan Collection code Permanent location Current location Shelving location Date acquired Total Checkouts Full call number Barcode Date last seen Koha item type
          Koleksioni i përgjithshem UBT - Lipjan UBT - Lipjan Koleksioni i përgjithshem 10/27/2015   004:336 TRI 002-008760 10/27/2015 Books
UBT Library © 2015-2024. All rights reserved University Education for Business and Technology